00493nam a2200193 a 4500001001300000003000900013005001700022008004100039020000800080082001800088100001900106245003000125260003800155300000900193500003500202505002400237650001900261700001900280nice12345678IN_TiNIC20260116011408.0050524s1964 dela grp 000 0 urd  ac700a297.1226bVAL aValiuddin, Mir aQuran Awr Tameer-I-Seerat aDelhibNadwatul Musannifeenc1964 a350p aincludes index and biblioraphy2 aIndex, Bibliography aQuran-Theology1 aValiuddin, Mir